Normal view
MARC view
Entry Topical Term
001 - CONTROL NUMBER
- control field: 818382
003 - CONTROL NUMBER IDENTIFIER
- control field: OSt
005 - DATE AND TIME OF LATEST TRANSACTION
- control field: 20250821122818.0
008 - FIXED-LENGTH DATA ELEMENTS
- fixed length control field: 250821|| aca||aabn | a|a d
040 ## - CATALOGING SOURCE
- Original cataloging agency: OSt
- Transcribing agency: OSt
150 ## - HEADING--TOPICAL TERM
- Topical term or geographic name entry element: Curriculum. Political Ideology
670 ## - SOURCE DATA FOUND
- Source citation: Work cat.: (OSt)1434827: Kalia Anchal 782016, Power and ideology: Context, contestations and challenges in history curriculum/, 2025
